00682nam a2200217Ia 4500008004100000020001500041020001800056041000800074050002400082100001100106245007900117246004200196260004000238300002000278490003500298650002400333650005700357650002500414700001400439700001100453200830s9999||||xx |||||||||||||| ||und|| a7101074014 a9787101074017 achi aPL2670 b.L578 2010 a韓愈 0a韓愈文集彙校箋注:b第一冊 /c韓愈, 劉真倫著; 岳珍校注 a韩愈文集汇校笺注:b第一册/ a北京:b中華書局,c2017, c2010 a7 v.b;c21 cm. a中國古典文學基本叢書 aChinese classics.  aHan, Yu, -- 768-824 -- Criticism and interpretation. aHan, Yu, -- 768-824. a劉真倫 a岳珍